Statistics for Germany Squad FIFA World Cup 2014 Football / Soccer

Click here to take the quiz!

General Stats

  • This quiz has been taken 2,878 times
  • The average score is 15 of 24

Answer Stats

No.Pos.ClubPlayer% Correct
1GKBayern MünchenManuel Neuer
98%
5DFBorussia DortmundMats Hummels
89%
8MFArsenal LondonMesut Özil
88%
13MFBayern MünchenThomas Müller
85%
11FWLazio RomMiroslav Klose
83%
18MFBayern MünchenToni Kroos
83%
16DFBayern MünchenPhilipp Lahm
79%
20DFBayern MünchenJerome Boateng
78%
19MFBayern MünchenMario Götze
78%
6MFReal MadridSami Khedira
73%
7MFBayern MünchenBastian Schweinsteiger
68%
9MFChelsea LondonAndré Schürrle
60%
Coach------Jogi Löw
60%
17DFArsenal LondonPer Mertesacker
57%
22GKBorussia DortmundRoman Weidenfeller
54%
4DFFC Schalke 04Benedikt Höwedes
53%
10MFArsenal londonLukas Podolski
53%
21DFSampdoria GenuaShkodran Mustafi
44%
14MFFC Schalke 04Julian Draxler
41%
23MFBorussia MönchengladbachChristoph Kramer
40%
3DFSC FreiburgMatthias Ginter
40%
12GKHannover 96Ron-Robert Zieler
36%
15DFBorussia DortmundErik Durm
27%
2DFBorussia DortmundKevin Großkreutz
26%

Score Distribution

Percentile by Number Answered

Percent of People with Each Score

Your Score History

You have not taken this quiz